000 01327cam a2200289 a 4500
999 _c25050
_d25050
001 16315275
003 OSt
005 20170130153311.0
008 100706s2010 nyuaf b 001 0 eng
010 _a 2010028463
020 _a9780773413115
020 _a0773413111
035 _a(OCoLC)ocn647773548
040 _aDLC
_cDLC
_dYDX
_dYDXCP
_dCDX
_dBWX
_dDLC
043 _ancgt---
050 0 0 _aNX180.S6
_bG74 2010
082 0 0 _a700.97281
_222
100 1 _aGreene, David B.
245 1 4 _aThe imagining of community in the arts of Guatemala :
_bweaving, folk tales, marimba performance, contemporary painting /
_cDavid B. Greene ; with a preface by Melissa A. Butler.
260 _aLewiston, N.Y. :
_bEdwin Mellen Press,
_cc2010.
300 _aviii, 182 p., [38] leaves of plates :
_bcol. ill. ;
_c24 cm.
504 _aIncludes bibliographical references and index.
505 0 _aThe paintings of Alejandro Wer -- Guatemalan marimba music -- Imagining space in Maya textiles and tales.
650 0 _aArts and society
_zGuatemala.
906 _a7
_bcbc
_corignew
_d1
_eecip
_f20
_gy-gencatlg
942 _2lcc
_cBOOKS
_hNX 180 .S6G74 2010